00965nam a2200241 a 450000100100000000500170001000800410002704000250006808200260009310000280011924500430014725000120019026000400020230000200024250000700026259000260033265000270035865000310038591000370041695201240045395201290057799900170070600003896420240530073921.0130509s2006 dr 000 f spa d aDO-SdBNPbspacBNPHU aRD863.44bM828c, 20061 aMorales, Jesús91087510aCondenados a vivir /cJesús Morales. a6a. ed. aSanto Domingo :bCentenario,c2006. a100 p ;c22 cm. aIncluye datos biográficos del autor en la solapa de la cubierta aInventariado, 2019/BT 0aNovela dominicana9223 0aLiteratura dominicana.967 aValidado. Control de calidad MFF 0010718PDaPDbPDcHDd2013-05-09iLF1l0oRD863.44 M828c, 2006p38964-10r2020-06-25w2020-06-25yLFPDZNo se presta 0010718PDaPDbPDcHDd2020-02-17iLF1l0oRD863.44 M828c, 2006p38964-20r2020-06-25te.2w2020-06-25yLFPDZNo se presta c38454d38454